|
|
|
|
| LEADER |
00000nas a2200000 a 4500 |
| 001 |
ssj0015963 |
| 003 |
WaSeSS |
| 005 |
20200512172242.0 |
| 006 |
m d |
| 007 |
cr n |
| 008 |
050614c20019999cauqr pss 0 a0eng c |
| 010 |
|
|
|a 2009200008
|
| 015 |
|
|
|a GBB3B3140
|2 bnb
|
| 016 |
7 |
|
|a 2095362-8
|2 DE-600
|
| 016 |
7 |
|
|a 016563757
|2 Uk
|
| 022 |
|
|
|a 1946-1607
|l 1532-4400
|y 1532-4400
|
| 035 |
|
|
|a (WaSeSS)ssj0015963
|
| 037 |
|
|
|b SAGE Publishing, 2455 Teller Road, Thousand Oaks, CA 91320
|
| 040 |
|
|
|a OCLCS
|b eng
|c OCLCS
|d NSD
|d OCLCQ
|d EYM
|d WAU
|d AU@
|d OCLCQ
|d MYG
|d OCLCF
|d OCLCO
|d VT2
|d OCLCO
|d OCLCQ
|d OCLCA
|d NLE
|d GILDS
|d OCLCO
|d DLC
|d UKMGB
|d NJT
|d WaSeSS
|
| 042 |
|
|
|a pcc
|
| 043 |
|
|
|a n-us---
|
| 050 |
|
4 |
|a JK2403
|b .S762
|
| 082 |
1 |
0 |
|a 320
|2 14
|
| 082 |
1 |
4 |
|a 320
|2 13
|
| 130 |
0 |
|
|a State politics & policy quarterly (Online)
|
| 222 |
|
0 |
|a State politics & policy quarterly
|b (Online)
|
| 245 |
1 |
0 |
|a State politics & policy quarterly
|h [electronic resource].
|
| 246 |
3 |
|
|a State politics and policy quarterly
|
| 260 |
|
|
|a Champaign, IL :
|b University of Illinois Press for the Illinois Legislative Studies Center
|
| 260 |
3 |
|
|3 <2018-> :
|a Thousand Oaks, CA :
|b SAGE Publishing
|
| 310 |
|
|
|a Quarterly
|
| 362 |
1 |
|
|a Print began with v. 1, no. 1 (spring 2001).
|
| 500 |
|
|
|a "The official journal of the State Politics and Policy Section of the American Political Science Association."
|
| 506 |
|
|
|a License restrictions may limit access.
|
| 588 |
|
|
|a Description based on: Vol. 1, no. 1 (spring 2001); title from banner (Univ. of Illinois Press website, viewed Jan. 15, 2008).
|
| 588 |
|
|
|a Latest issue consulted: Volume 18 Issue 2 (June 2018) (viewed Aug. 31. 2010).
|
| 650 |
|
0 |
|a State governments
|z United States
|v Periodicals.
|
| 650 |
|
0 |
|a Political planning
|z United States
|x States
|v Periodicals.
|
| 650 |
|
6 |
|a Gouvernements d'États fédérés
|z États-Unis
|v Périodiques.
|
| 650 |
|
6 |
|a Politique publique
|z États-Unis
|x États
|v Périodiques.
|
| 650 |
|
7 |
|a Political planning
|x U.S. states.
|2 fast
|0 (OCoLC)fst01069479
|
| 650 |
|
7 |
|a State governments.
|2 fast
|0 (OCoLC)fst01131814
|
| 651 |
|
7 |
|a United States.
|2 fast
|0 (OCoLC)fst01204155
|
| 655 |
|
0 |
|a Electronic journals.
|
| 710 |
2 |
|
|a Illinois Legislative Studies Center.
|
| 710 |
2 |
|
|a American Political Science Association.
|b State Politics and Policy.
|
| 776 |
0 |
8 |
|i Print version:
|t State politics & policy quarterly
|x 1532-4400
|w (DLC) 00212594
|w (OCoLC)45351990
|
| 856 |
4 |
0 |
|z Full text available from Research Library: 04/01/2002 to 12/31/2017
|u https://search.proquest.com/publication/26460
|